00446nam a2200169Ia 450000500170000000800410001702000140005804000190007204100120009108200140010310000190011724500710013626000340020730000110024165000140025285000100026620240408135602.0131103s9999 xx 000 0 und d cRs.100.00 aLoreto College aEnglish a370 bSIN aSingh, Sukumar aSiksha Prasangab Probahaman Sikshaniti o Paddhati cSukumar Singh aKolkatabMass Educationc2010 a277p.  aEducation aLCBED